• 首页
  • 本馆介绍
  • 公告通知
  • 最新文献
  • 馆藏检索
  • 电子资源
  • 读者荐购
  • 参考咨询
  • CALIS
  • 我的图书馆
  • 登录
  • 详细信息显示
  • 放入我的书架
  • 预约/预借图书
  • 作者相关作品
  • 分类相关作品
  • 丛书相关作品
  • 出版社相关作品

书目信息

  • 表格格式
  • 工作单格式
  • 卡片格式
题名:
风尘里
    
 
作者: 海飞 著
分册:  
出版信息: 北京   作家出版社  2021.09
页数: 270页
开本: 21cm
丛书名:
单 册:
中图分类: I247.57
科图分类:
主题词: 长篇小说--chang pian xiao shuo--中国--当代
电子资源:
ISBN: 978-7-5212-2627-0
 
 
 
 
 
000 01465nam0 2200253 450
001 1276442
005 20251007133809.50
010    @a978-7-5212-2627-0@dCNY52.00
100    @a20211027d2021 em y0chiy0120 ea
101 0  @achi
102    @aCN@b110000
105    @ab z 000ay
106    @ar
200 1  @a风尘里@Ajiang nan yi@d= A battle in Jiangnan@f海飞著@zeng
210    @a北京@c作家出版社@d2021.09
215    @a270页@c地图@d21cm
314    @a海飞, 小说家, 编剧。曾在《收获》《人民文学》《十月》《当代》等刊物发表小说1000多万字, 大量作品被《小说月报》《小说选刊》等多种选刊及各类年度精选本选用。获中宣部“五个一工程”奖、人民文学奖等多个奖项著有小说集《麻雀》《青烟》《像老子一样生活》《菊花刀》《私奔》《卧铺里的鱼》等多部 ; 散文集《丹桂房的目子》《没有方向的河流》等。
330    @a《江南役》是继海飞《风尘里》后的又一力作, 也是“海飞谍战世界”之古代谍战系列的第二部作品。故事延续了前者的古代谍战世界的背景和人物设定, 明万历年三十年, 杭州城突然发生离奇事件, 上千只蝙蝠从天而降, 将九岁孩童卷入夜幕, 消失了踪影。与此同时, 锦衣卫田小七接到皇帝的秘令, 前往杭州去取一本《神器谱或问》, 这本书连同作者也不知所踪。这两件看似无关的案件究竟有何交集, 重重疑团指向了倭寇和宫廷内的权力斗争, 真相在田小七的追踪下渐渐揭开帷幕……
510 1  @aBattle in Jiangnan@zeng
606 0  @a长篇小说@Achang pian xiao shuo@y中国@z当代
690    @aI247.57@v5
701  0 @a海飞@Ahai fei@4著
801  0 @aCN@c20220906
905    @a河南城建学院图书馆@dI247.57@eH0263-2@ZH0263-2@f1
    
    风尘里= A battle in Jiangnan/海飞著.-北京:作家出版社,2021.09
    270页:地图;21cm
    
    
    ISBN 978-7-5212-2627-0:CNY52.00
    《江南役》是继海飞《风尘里》后的又一力作, 也是“海飞谍战世界”之古代谍战系列的第二部作品。故事延续了前者的古代谍战世界的背景和人物设定, 明万历年三十年, 杭州城突然发生离奇事件, 上千只蝙蝠从天而降, 将九岁孩童卷入夜幕, 消失了踪影。与此同时, 锦衣卫田小七接到皇帝的秘令, 前往杭州去取一本《神器谱或问》, 这本书连同作者也不知所踪。这两件看似无关的案件究竟有何交集, 重重疑团指向了倭寇和宫廷内的权力斗争, 真相在田小七的追踪下渐渐揭开帷幕……
●
相关链接 在E读中查询图书 在当当中查询图书 在豆瓣中查询图书


正题名:风尘里     索取号:I247.57/H0263-2         预约/预借

序号 登录号 条形码 馆藏地/架位号 状态 备注
1 1632464   216324644   文学库108/108文学库 48排5列5层/ [索取号:I247.57/H0263-2] 在馆    
河南城建学院图书馆 欢迎您!
大连网信软件有限公司© 版权所有